000
00280nam a2200109Ia 4500
008
190216s9999||||xx |||||||||||||| ||und||
100
_a
Cheldin Newbarg
245
0
_a
Adunika Resathanthram Thiranjedutha Bhagangal
260
_b
Bhasha Institute
650
_a
Chemistry
942
_c
BK
999
_c
38663
_d
38663